000 00252nam a2200109Ia 4500
008 220204s9999 xx 000 0 und d
082 _a032
_bCRO
100 _aCrouch, H
245 0 _aIndian working class
260 _aAjmer
_bSacheri
_c1979
942 _cBK
999 _c30821
_d30821